UMandela eyunivesithi (Record no. 746738)

MARC details
000 -LEADER
fixed length control field 00587nam a22001937a 4500
005 - DATE AND TIME OF LATEST TRANSACTION
control field 20240906013918.0
008 - FIXED-LENGTH DATA ELEMENTS--GENERAL INFORMATION
fixed length control field 230327b sa ||||| |||| 00| 0 zul d
020 ## - INTERNATIONAL STANDARD BOOK NUMBER
International Standard Book Number <a href="9781775613008">9781775613008</a>
040 ## - CATALOGING SOURCE
Transcribing agency [RDA]
082 ## - DEWEY DECIMAL CLASSIFICATION NUMBER
-- 23
Classification number ZUL J F MOST
942 ## - ADDED ENTRY ELEMENTS
Creator Name Patrick Mahlalela
Creator ID 378
Modifier ID
Modifier Name CRON CRON
100 ## - MAIN ENTRY--PERSONAL NAME
Personal name Mostert, Tim
245 ## - TITLE STATEMENT
Title UMandela eyunivesithi
Statement of responsibility, etc. Tim Mostert
250 ## - EDITION STATEMENT
Edition statement First edition
Remainder of edition statement 2018
260 ## - PUBLICATION, DISTRIBUTION, ETC.
Place of publication, distribution, etc. South Africa:
Name of publisher, distributor, etc. Qualibooks Publishing,
Date of publication, distribution, etc. 2018
300 ## - PHYSICAL DESCRIPTION
Extent 16 pages
Other physical details paperbook: colour illustrations
Dimensions 21cm
490 ## - SERIES STATEMENT
Volume/sequential designation incwadi 3
942 ## - ADDED ENTRY ELEMENTS
Source of classification or shelving scheme Dewey Decimal Classification
item type Book
Holdings
Withdrawn status Lost status Source of classification or shelving scheme Damaged status Not for loan Collection code Home library Current library Shelving location Date acquired Cost, normal purchase price Total Checkouts Full call number Barcode Date last seen Price effective from item type
    Dewey Decimal Classification       LYDENBURG REGIONAL LIBRARY Mafemani   27.09.2023     ZUL JF MOST 33228031028957 27.09.2023 27.09.2023 Book
    Dewey Decimal Classification     Fiction Standerton Regional Library Perdekop Public Library Children's Area 27.03.2023 31.27   ZUL J F MOST 33228031014397 27.03.2023 27.03.2023 Book
    Dewey Decimal Classification     900: History & Geography LYDENBURG REGIONAL LIBRARY Thulamahashe General Stacks 12.07.2023     ZUL 920 MOST 33228031025990 12.07.2023 12.07.2023 Book
    Dewey Decimal Classification     Fiction ZM Mkhwanazi Public Library ZM Mkhwanazi Public Library Children's Area 18.02.2025 85.00   ZUL K F MOST 3322803174777 18.02.2025 18.02.2025 Book